Britney Spears - Toutes les chansons - Statistiques

Statistiques générales
  • Ce quiz a été pris 22 fois
  • Le résultat moyen est 45 sur 168
Statistiques - réponses
Hint Réponse % Correct
…Baby One More Time 1 …Baby One More Time
100%
…Baby One More Time Deluxe 17 ...Baby One More Time [Boy Wunder Mix]
100%
…Baby One More Time Deluxe 16 ...Baby One More Time [Davidson Ospina Mix]
100%
Blackout 1 Gimme More
93%
Blackout (Édition Deluxe) 16 Gimme More (Paul Oakenfold Remix)
93%
Oops!... I Did It Again 1 Oops!... I Did It Again
93%
Circus 2 Circus
86%
In the Zone 12 Everytime
86%
In the Zone 6 Toxic
86%
Femme Fatale 12 Criminal
71%
Britney 1 I'm a Slave 4 U
71%
In the Zone 1 Me Against the Music (feat. Madonna)
71%
In the Zone 13 Me Against the Music ((Rishi Rich's Desi Kulcha Remix) (feat. Madonna)
71%
Circus 1 Womanizer
71%
Circus (Édition Deluxe) 21 Womanizer (Junior Vasquez Superstar Mix)
71%
Circus (Édition Deluxe) 20 Womanizer (Kaskade Radio Edit #2)
71%
…Baby One More Time 2 (You Drive Me) Crazy
71%
Femme Fatale 4 I Wanna Go
64%
Oops!... I Did It Again 7 Lucky
64%
Blackout 3 Radar
64%
Circus (Édition Deluxe) 13 Radar
64%
Britney Jean 2 Work Bitch
64%
Britney 4 I'm Not a Girl, Not Yet a Woman
57%
…Baby One More Time 3 Sometimes
57%
Oops!... I Did It Again 2 Stronger
57%
Britney 5 Boys
50%
Britney 18 Boys
50%
Blackout 4 Break the Ice
50%
Circus 6 If U Seek Amy
50%
Collaborations 2012 Scream & Shout de will.i.am
50%
Britney 8 Cinderella
43%
Oops!... I Did It Again 5 Don't Let Me Be the Last to Know
43%
In the Zone 7 Outrageous
43%
Blackout 2 Piece of Me
43%
Femme Fatale 1 Till the World Ends
43%
…Baby One More Time Deluxe 14 Autumn Goodbye
36%
In the Zone 4 Breathe on Me
36%
…Baby One More Time 6 From The Bottom Of My Broken Heart
36%
Blackout 6 Get Naked (I Got a Plan)
36%
Femme Fatale 2 Hold It Against Me
36%
Blackout 9 Hot as Ice
36%
Oops!... I Did It Again 4 (I Can't Get No) Satisfaction
36%
…Baby One More Time 7 I Will Be There
36%
Britney 2 Overprotected
36%
Britney 17 Overprotected
36%
Glory 8 Slumber Party (feat. Tinashe)
36%
…Baby One More Time 4 Soda Pop
36%
Singles 2009 3
29%
Britney 6 Anticipating
29%
Britney 10 Bombastic Love
29%
…Baby One More Time 5 Born to Make You Happy
29%
Oops!... I Did It Again 12 Dear Diary
29%
…Baby One More Time 11 E-Mail My Heart
29%
Blackout (Édition Deluxe) 15 Get Back
29%
In the Zone 2 (I Got That) Boom Boom (feat. The Ying Yang Twins)
29%
Britney 7 I Love Rock 'n' Roll
29%
Britney 3 Lonely
29%
Singles 2013 Ooh La La pour les Schtroumpfs 2
29%
Britney Jean 3 Perfume
29%
Britney Jean (Édition Deluxe) 14 Perfume (The Dreaming Mix)
29%
In the Zone 10 Shadow
29%
In the Zone 3 Showdown
29%
Britney 11 That's Where You Take Me
29%
Blackout 8 Toy Soldier
29%
Oops!... I Did It Again 6 What U See (Is What U Get)
29%
Blackout 12 Why Should I Be Sad
29%
Britney Jean 1 Alien
21%
Circus 8 Blur
21%
In the Zone 11 Brave New Girl'
21%
Oops!... I Did It Again 10 Can't Make You Love Me
21%
…Baby One More Time 9 Deep In My Heart
21%
In the Zone 5 Early Mornin
21%
Blackout (Édition Deluxe) 14 Everybody
21%
Blackout 7 Freakshow
21%
Blackout 5 Heaven On Earth
21%
Femme Fatale 3 Inside Out
21%
Circus 4 Kill the Lights
21%
Circus 11 Lace and Leather
21%
Britney 9 Let Me Be
21%
Glory 2 Make Me… (feat. G-Eazy)
21%
Singles 2004 My Prerogative
21%
Blackout 10 Ooh Ooh Baby
21%
Blackout 11 Perfect Lover
21%
Circus (Édition Deluxe) 15 Phonography
21%
Circus 5 Shattered Glass
21%
Collaborations 2011 S&M (remix) de Rihanna
21%
In the Zone 9 The Hook Up
21%
In the Zone 8 Touch of My Hand
21%
Circus 7 Unusual You
21%
Circus (Édition Deluxe) 17 Amnesia
14%
Britney 14 Before the Goodbye
14%
Britney Jean (Édition Deluxe) 11 Brightest Morning Star
14%
Britney Jean 9 Chillin' with You (feat. Jamie Lynn)
14%
Glory 17 Coupure Électrique
14%
Singles 2005 Do Somethin'
14%
Femme Fatale 6 (Drop Dead) Beautiful (feat. Sabi)
14%
…Baby One More Time Deluxe 13 I'll Never Stop Loving You
14%
Britney 15 I Run Away
14%
…Baby One More Time 8 I Will Still Love You (feat. Don Philip)
14%
Circus 10 Mannequin
14%
Circus 9 Mmm Papi
14%
Circus 12 My Baby
14%
Oops!... I Did It Again 8 One Kiss from You
14%
Circus 3 Out from Under
14%
Blackout (Édition Deluxe) 13 Outta This World
14%
Circus (Édition Deluxe) 18 Quicksand
14%
Circus (Édition Deluxe) 14 Rock Me In
14%
Femme Fatale 17 Scary
14%
Femme Fatale 15 Selfish
14%
In the Zone 14 The Answer
14%
…Baby One More Time 12 The Beat Goes On
14%
…Baby One More Time 10 Thinkin' About You
14%
Britney Jean 5 Tik Tik Boom (feat. T.I.)
14%
Circus (Édition Deluxe) 16 Trouble
14%
Femme Fatale 13 Up N' Down
14%
Britney 12 What It's Like to Be Me
14%
Glory 13 Better
7%
Femme Fatale 8 Big Fat Bass (feat. will.i.am)
7%
Britney Jean 6 Body Ache
7%
Glory 14 Change Your Mind (No Seas Cortés)
7%
Glory 6 Clumsy
7%
Britney Jean 10 Don’t Cry
7%
Oops!... I Did It Again 3 Don't Go Knockin' on My Door
7%
Femme Fatale 16 Don't Keep Me Waiting
7%
Glory 7 Do You Wanna Come Over?
7%
Femme Fatale 11 Gasoline
7%
Oops!... I Did It Again Deluxe 15 Girl in the Mirror
7%
Glory 11 Hard to Forget Ya
7%
Femme Fatale 14 He About to Lose Me
7%
Collaborations 2022 Hold Me Closer de Elton John
7%
Britney Jean (Édition Deluxe) 12 Hold on Tight
7%
Femme Fatale 5 How I Roll
7%
Glory 16 If I'm Dancing
7%
Glory 1 Invitation
7%
Britney Jean 4 It Should Be Easy (feat. will.i.am)
7%
Glory 9 Just Like Me
7%
Glory 5 Just Luv Me
7%
Glory 15 Liar
7%
Glory 10 Love Me Down
7%
Glory 4 Man on the Moon
7%
Singles 2020 My Only Wish (This Year)
7%
Britney Jean (Édition Deluxe) 13 Now That I Found You
7%
Britney Jean 8 Passenger
7%
Singles 2015 Pretty Girls (feat. Iggy Azalea)
7%
Glory 3 Private Show
7%
Circus (Édition Deluxe) 19 Rock Boy
7%
Femme Fatale 7 Seal It With a Kiss
7%
Singles 2005 Someday (I Will Understand)
7%
Britney Jean 7 Til It’s Gone
7%
Femme Fatale 10 Trip to Your Heart
7%
Femme Fatale 9 Trouble for Me
7%
Glory 12 What You Need
7%
Britney 13 When I Found You
7%
Oops!... I Did It Again 11 When Your Eyes Say It
7%
Oops!... I Did It Again 9 Where Are You Now
7%
Singles 2005 And Then We Kiss
0%
In the Zone 15 Don't Hang Up
0%
Singles 2016 Hands
0%
Oops!... I Did It Again Deluxe 14 Heart
0%
…Baby One More Time Deluxe 15 I'm So Curious
0%
Britney 16 Intimidated
0%
Singles 2003 I've Just Begun (Having My Fun)
0%
Collaborations 2023 Mind Your Business de will.i.am
0%
Singles 2001 Right Now (Taste the Victory) pour Pepsi
0%
Collaborations 2013 SMS (Bangerz) de Miley Cyrus
0%
Collaborations 2015 Tom's Diner de Giorgio Moroder
0%
Singles 2001 What's Going On de Artists Against AIDS Worldwide
0%
Oops!... I Did It Again Deluxe 13 You Got It All
0%
Aucun quiz correspondant
Distribution des résultats
% des personnes avec chaque résultat
Percentile par nombre de réponses
Votre historique - résultats
Vous n’avez pas pris ce quiz